000 00542nam a2200109 4500
008 241209b |||||||| |||| 00| 0 eng d
245 _aकामधेनु दर्शन
_cदिनेश रावल द्वारा संपादित
260 _aराजस्थान
_bश्रीकृष्ण गोपाल गो सेवा समिति
_c1 अक्टूबर, 2024
300 _aवर्ष- 11, अंक- 1
310 _aमासिक
_b1 अक्टूबर, 2024
942 _2ddc
_cSR
_mकामधे
_s1
999 _c207497
_d207497